Statistiques concernant Le Seigneur des Anneaux - Décodeur

Cliquez ici pour prendre le quiz!

Statistiques générales

  • Ce quiz a été pris 3 940 fois
    (3 411 depuis la dernière actualisation)
  • Le résultat moyen est 11 sur 18

Statistiques - réponses

LettreIndiceRéponse% Correct
SMagicien blanc traître puis déchuSaroumane
91%
AHéritier du trône du Gondor, aussi
surnommé Grand-Pas
Aragorn II
87%
SNom de famille porté par
Frodon et Bilbon
Sacquet
87%
PPrénom du Touque engagé dans la
Communauté de l'Anneau
Peregrin
81%
SDragon longtemps maître d'Erebor,
tué dans Le Hobbit
Smaug
79%
SMaia principal antagoniste
dans la trilogie
Sauron
77%
ERace de Sylvebarbe, Bouclefeuilles
ou encore Vivécorce
Ent
74%
ESemi-elfe père d'Arwen et maître de
Fondcombe
Elrond
72%
UAdjectif qualifiant souvent l'AnneauUnique
72%
RIstar surnommé "Le Brun", ayant
consacré sa vie monde animal
Radagast
60%
AEspèce dont le seigneur Gwaihir porta
Gandalf par trois fois
Aigle
56%
CitationVous ne passerez pas!
51%
PPrincipale entrée du Mordor, aussi
appelée "Morannon"
Porte Noire
48%
NNain frère de Dori et cousin d'OriNori
44%
VNom donné aux divinités sur ArdaValar
38%
OTour du magicien blanc, en IsengardOrthanc
37%
ECapitale du Rohan, où se trouve le
Château d'or de la Maison d'Eorl
Edoras
36%
ZPic d'Argent des Monts Brumeux,
Gandalf y vainquit le Balrog
Zirak-Zigil
10%

Distribution des résultats

Percentile par nombre de réponses

% des personnes avec chaque résultat

Votre développement - résultats

Vous n’avez pas pris ce quiz depuis la dernière actualisation